Statistiques concernant Participants de Switch The Patrick (saison 1-3)

Cliquez ici pour prendre le quiz!

Statistiques générales

  • Ce quiz a été pris 47 fois
    (34 depuis la dernière actualisation)
  • Le résultat moyen est 36 sur 55

Statistiques - réponses

Saison d'apparitionJoueur% Correct
Saison 1aypierre
96%
Saison 1Fukano
96%
Saison 2Siphano
96%
Saison 1Frigiel
91%
Saison 1nemenems
91%
Saison 1As2piK
87%
Saison 1Aurelien_Sama
87%
Saison 1BillSilverlight
87%
Saison 2MC_Ika
87%
Saison 1HarryLafranc
83%
Saison 1Roi_Louis
83%
Saison 2Etoiles
78%
Saison 1JirayaTV
78%
Saison 2Loupio66
78%
Saison 1Newtiteuf
78%
Saison 1Chelxie
74%
Saison 1MrBboy45
74%
Saison 1SoulsStealer
74%
Saison 3TheGuill84
74%
Saison 1Dojin_972
70%
Saison 3Guep
70%
Saison 1MisterDaweed
70%
Saison 1SkyyartMC
70%
Saison 1Xari_
70%
Saison 1ZeratoR
70%
Saison 3CedGhoss
65%
Saison 1Flaming_Talisker
65%
Saison 3Libe_
65%
Saison 3Thaek06
65%
Saison 1Unsterblicher
65%
Saison 1Alexclick
61%
Saison 2bxakid
61%
Saison 3bytel
61%
Saison 3JimmyB0yyy
61%
Saison 2Wotan83
61%
Saison 2ZeProf2Math
61%
Saison 3EpeeForte
57%
Saison 3MathoX
57%
Saison 2ChooseAGame
52%
Saison 3Daiko
52%
Saison 3Lyleeloo
52%
Saison 3Shadoune666
52%
Saison 3ThozFR
52%
Saison 1MC_DominGo
48%
Saison 3Nasgolito
48%
Saison 2Palmacraft
48%
Saison 1Shortyg78
48%
Saison 3Banano
43%
Saison 2Starvet
43%
Saison 3Tagazok_
43%
Saison 3Astroll
39%
Saison 3Seraleme
39%
Saison 3MrMLDEG
35%
Saison 3NNeko_
30%
Saison 3Gamur
22%

Distribution des résultats

Percentile par nombre de réponses

% des personnes avec chaque résultat

Votre développement - résultats

Vous n’avez pas pris ce quiz depuis la dernière actualisation